|
|
|
|
| LEADER |
01328nam a2200313 a 4500 |
| 001 |
6874 |
| 003 |
BD-DhAAL |
| 005 |
20151122101604.0 |
| 008 |
151123s1999 bg 001 0 beno |
| 010 |
|
|
|a 99934152
|
| 020 |
|
|
|a 9844581540
|
| 040 |
|
|
|a DLC
|c DLC
|d DLC
|d BD-DhAAL
|
| 050 |
0 |
0 |
|a JQ639.A15
|b R32 1999
|
| 082 |
|
|
|a 342.5492/02
|
| 100 |
1 |
|
|a রহমান, মুহাম্মদ হাবিবুর
|9 16434
|
| 245 |
1 |
0 |
|a সরকার সংবিধান ও অধিকার /
|c মুহাম্মদ হাবিবুর রহমান.
|
| 246 |
1 |
|
|i Title on t.p. verso:
|a Muhammad Habibur Rahman
|
| 260 |
|
|
|a ঢাকা :
|b সময় প্রকাশন,
|c ২০০০.
|
| 300 |
|
|
|a ১০০ পৃ. ;
|c ২২ সে.মি.
|
| 500 |
|
|
|a Includes index.
|
| 520 |
|
|
|a On government, constitutional law, and fundamental rights with reference to Bangladesh.
|
| 541 |
|
|
|e 6874
|
| 546 |
|
|
|a In Bengali.
|
| 650 |
|
0 |
|a Constitutional law
|z Bangladesh.
|9 16435
|
| 650 |
|
0 |
|a Civil rights
|z Bangladesh.
|9 16436
|
| 651 |
|
0 |
|a Bangladesh
|x Politics and government
|y 1971-
|9 16437
|
| 942 |
|
|
|2 ddc
|c BK
|
| 999 |
|
|
|c 36262
|d 36262
|
| 952 |
|
|
|0 0
|1 0
|2 ddc
|4 0
|6 342_549200000000000_02_RAH
|7 0
|9 57002
|a SCL
|b SCL
|c GEN
|d 2015-11-22
|g 54.00
|l 2
|m 2
|o 342.549202 RAH
|p 3020006874
|r 2023-04-10
|s 2023-03-31
|t 1
|w 2015-11-22
|y BK
|